The invisble thread : An autobiography

The Invisible Thread is an autobiography written by Yoshiko Uchida. The book is a memoir of her childhood during World War II. It especially tells of her confinement in internment camps across America. It is typical of Yoshiko Uchida's writing, because it tells about being Japanese-American, an...

ver descrição completa

Na minha lista:
Detalhes bibliográficos
Autor principal: Uchida, Yoshiko
Formato: Livro
Idioma:Undetermined
Publicado em: New York Simon & Schuster Books for young readers 1991
Assuntos:
Tags: Adicionar Tag
Sem tags, seja o primeiro a adicionar uma tag!
Thư viện lưu trữ: Trung tâm Học liệu Trường Đại học Cần Thơ
LEADER 01001nam a2200229Ia 4500
001 CTU_139070
008 210402s9999 xx 000 0 und d
020 |c 14.98 
082 |a 895.6 
082 |b U17 
100 |a Uchida, Yoshiko 
245 4 |a The invisble thread : 
245 3 |b An autobiography 
245 0 |c Yoshiko Uchida 
260 |a New York 
260 |b Simon & Schuster Books for young readers 
260 |c 1991 
520 |a The Invisible Thread is an autobiography written by Yoshiko Uchida. The book is a memoir of her childhood during World War II. It especially tells of her confinement in internment camps across America. It is typical of Yoshiko Uchida's writing, because it tells about being Japanese-American, and always wishing she looked like her white American friends. 
650 |a Tác giả Yoshiko Uchida 
650 |x Văn học về người chưa thành niên 
904 |i Hồng Thơ 
980 |a Trung tâm Học liệu Trường Đại học Cần Thơ